| 000 | 01360nam0a22002771 4500 | ||
|---|---|---|---|
| 001 | rc\4105389 | ||
| 005 | 20130415165242.8 | ||
| 021 |
_aRU _b[56-27899] |
||
| 035 | _a(NLR Aleph) 008141787 | ||
| 090 |
_a9489027 _c9489027 |
||
| 100 | _a20130415d1956 |||y0rusy50 ca | ||
| 101 | 0 | _arus | |
| 102 | _aRU | ||
| 105 | _aa z ||||| | ||
| 200 | 1 |
_a[Доклады _fРед. коллегия: проф. К.Ф. Жигач (отв. ред.) и др.] _gМ-во высш. образования СССР. Моск. ордена Труд. Красного Знамени нефт. ин-т им. акад. И.М. Губкина. Науч. студенческое о-во. Десятая науч.-техн. конференция. 1955 г. |
|
| 210 |
_aЛенинград _cГостоптехиздат. Ленингр. отд-ние _d1956 |
||
| 215 |
_a169 с. _cил. _d23 |
||
| 320 | _aБиблиогр. в конце докладов | ||
| 606 |
_aНефть _jСборники _2psbo |
||
| 702 | 1 |
_aЖигач _bК. Ф. _gКузьма Фомич _4340 |
|
| 710 | 1 | 2 | _aМосковский нефтяной институт им. И.М. Губкина. Студенческая научно-техническая конференция (10; 1955) |
| 801 | 0 |
_aRU _bNLR _gpsbo |
|
| 801 | 1 |
_aRU _bELAR _2rusmarc |
|
| 852 |
_aNLR _jТ26 Г-5/1037 |
||
| 942 | _cBOOK | ||
| 980 | _aNB | ||